000 00366nam a2200133Ia 4500
008 130318s9999 xx 000 0 und d
082 _a352.66 MUT/S
100 _aMuthuswamy
245 _aSwamy's compilation of central civil services conduct rules
260 _bSwamy Publisher's Ltd.
_aChennai
_c1965
300 _a208
650 _aCONDUCT RULES
700 _aBrinda
999 _c1341
_d1341